Регионална библиотека "Любен Каравелов" - Русе

Икономика на Третия Райх (Запис номер 41505)

MARC детайли
000 -Лидер
Контролно поле с фиксирана дължина 01885nam a2200421 c 4500
003 - Код на организацията, давaща контролен номер
Контролно поле BLK
005 - Дата и час на последна редакция
Контролно поле 20240613120437.0
008 - Елементи от данни с фиксирана дължина
fixed length control field 180408b bul|||||r ||||||| ||bul||
010 ## - Наследен системен номер
LC control number KNG00045070000
020 ## - Международен стандартен номер на книга ISBN
Международен стандартен номер на книга ISBN 978-954-28-0855-8
040 ## - Източник на каталожния запис
Идентификатор на билиотеката - собственик на записа BLK
041 ## - Код за език
Код за езика на текст/звукозапис или на отделно заглавие Български
Код за езика КДБФ Български
072 #7 - Код за тематичната категория
Код организация bullib
Код за тематична категория Н92
Текст История Н
080 ## - УДК
Текстов определител УДК История на Втората световна война (1939-1945)
УДК код - определител по УДК 94(100)"1939/1945"
УДК - код + определител 94(100)"1939/1945"
080 ## - УДК
Текстов определител УДК Икономическо положение. Икономическа политика. Управление. Планиране. Производство. Услуги. Цени
УДК код - определител по УДК 338
УДК определител (430)(091)
УДК - код + определител 338(430)(091)
100 1# - Редна дума - Автор
Автор Туз, Адам
Авторска отговорност първи автор
R(LIN) 131693
139 ## - Редно поле
Редна дума Туз, Адам
Авторски знак Ту - Т 88
245 10 - Сведения за заглавието
Заглавие Икономика на Третия Райх
Редно поле (дума) Адам Туз; прев. от англ. Константин Георгиев Янакиев.
257 ## - Страна на издаване
Страна на създаване/издаване Великобритания
260 ## - Област на издателските данни
Име на издателя, разпространителя и проч. Ciela Soft and Publ.
Година на издаване 2010
300 ## - Физическа характеристика
Страници 660 с.
Размери/Мащаб 21 см
380 ## - Жанр
Жанр История
500 ## - Общи забележки
Забележка Ориг. загл. The making breaking of the nazy economiy / Adam Tooze. - Библиогр. с. 635-658.
650 #4 - Допълнително описание по предмет – тема
Основно описание – тема или топоним Втора световна война
9 (RLIN) 266732
650 #4 - Допълнително описание по предмет – тема
Основно описание – тема или топоним Германия - стопанска история
9 (RLIN) 277779
653 ## - Ключова дума – ненормативна
Ключова дума Трети райх
653 ## - Ключова дума – ненормативна
Ключова дума Втора световна война
653 ## - Ключова дума – ненормативна
Ключова дума стопанска история
659 ## - Тематичен бюлетин
Тематичен бюлетин Н
700 1# - Други автори (авторска отговорност)
Лично име Янакиев, Константин Георгиев
Дати, свързани с автора 1959 -
Друга информация Философ. Преводач от английски, немски и френски език.
9 (RLIN) 145408
852 ## - Местоположение
Форматна сигнатура Цб 254191
856 4# - Електронен адрес и достъп
Електронен формат pdf - файл
856 4# - Електронен адрес и достъп
Електронен формат pdf - файл
999 ## - СИСТЕМНИ КОНТРОЛНИ НОМЕРА
Koha biblionumber 41505
Koha biblioitemnumber 41505
942 ## - АРТИКУЛИ
Вид на библиотечния материал Книги
Скрит в OPAC Не
Koha issues (borrowed), all copies 1
Периодичен библиозапис Да
944 ## - СЪЗДАВАНЕ И РЕДАКЦИЯ на ЗАПИСА
Създаване/Редакция Създаване
Дата на регистрацията/редакция 29.12.2011
Служител, извършил регистрацията/редакцията 30560
Статус, дата на статуса Геновева Генчева
944 ## - СЪЗДАВАНЕ И РЕДАКЦИЯ на ЗАПИСА
Създаване/Редакция Редакция
Дата на регистрацията/редакция 14.08.2012
999 ## - СИСТЕМНИ КОНТРОЛНИ НОМЕРА
Koha biblioitemnumber 41505
Наличности
Код за отписване Код за изгубен артикул Източник на класификационната схема Код за повреда Коз за рестрикции Код за отдаване Артикулен № Име на библиотеката - собственик Име на библиотеката, в която се намира в момента Статус (Текущо местоположение) Дата на вписване в системата Местоположение - отдел Цена в лева Инвентарен номер Систематично азбучна сигнатура Баркод Номер на екземпляра Цена в евро Служебна бележка Служебен тип на артикула
  Не е изгубен Universal Decimal Classification Не е повреден без рестрикции заемане за дома 65079 Регионална библиотека "Любен Каравелов" Русе Регионална библиотека "Любен Каравелов" Русе Заемна - подръчен фонд 2011-12-16 Заемна - подръчен фонд 18.00 120000755694 94(100)"1939/1945"/Т 88 А 120000755694 1 9.20 Дост: Pk Вид: Ф N: 251 Дата: 15.12.2011 Дата инв: 07.02.2018 Бележки инв: П2018 Книги
  Не е изгубен   Не е повреден без рестрикции ползва се в читалня 65080 Регионална библиотека "Любен Каравелов" Русе Регионална библиотека "Любен Каравелов" Русе Хранилище 2012-08-14 Хранилище 18.00 120000759159 Цб 254191 120000759159 2 9.20 Дост: Dp Вид: Д N: 26 Дата: 29.06.2011 Книги
Vip Innovations Ltd, Rousse, Bulgaria 2025